000 nam a22 a 4500
999 _c1924
_d1924
003 AKMAL
005 20170512121319.0
008 170512s2000 my 00 eng d
020 _a9830560384:
_cRM220.00
040 _aAKMAL
082 _a346.5950323 DAS
090 _a346.5950323
_bDAS
100 1 _aDass, S. Santhana
_93937
245 1 0 _aPersonal injury claims /
_cS. Santhana Dass
260 _aPetaling Jaya :
_bAlpha Sigma,
_c2000
300 0 0 _axxxviii, 318p. ;
_c26cm
942 _2ddc
_cBOOK